000 00354nam a22001571a 4500
999 _c41227
_d41227
020 _a9788126408122
082 _aM3
_bRAV/S
100 _aRavi
245 _aSeethopacharam/
_cby Ravi
260 _aKottayam:
_bD C Books,
_c2004.
300 _a94p.
650 _aNovel Malayalam
650 _aLiterature Malayalam
650 _aLiterature
942 _cBK